French Region by City - Map Quiz - Statistics

General Stats
  • This quiz has been taken 17 times
  • The average score is 11 of 18
Answers on the Map
Answers color-coded by a green-red scale on the quiz's map according to % correct below.
 
Answer Stats
Answer % Correct
Chamonix-Mont-Blanc
87%
Colmar
87%
Arcachon
73%
Beauvais
73%
Lourdes
73%
Beaune
67%
Bourges
67%
Fontainebleau
67%
Kourou
67%
Fréjus
60%
Patrimonio
60%
Saint-Nazaire
60%
Dzaoudzi
47%
La Hague
47%
Le Tampon
47%
Pointe-à-Pitre
47%
Cancale
40%
Le Marin
40%
No matching quizzes found
Score Distribution
Percent of People with Each Score
Percentile by Number Answered
Your Score History
You have not taken this quiz